Complete plays 1920 - 1931

Gorde:
Xehetasun bibliografikoak
Egile nagusia: O`Neill, Eugene
Formatua: Liburua
Hizkuntza:English
Argitaratua: New York, Estados Unidos The Library of America 1988
Gaiak:
Etiketak: Etiketa erantsi
Etiketarik gabe, Izan zaitez lehena erregistro honi etiketa jartzen!

MARC

LEADER 00000nam a2200000Ia 4500
008 170316s9999 xx 000 0 eng d
040 |a cru BVZT 
090 |a E-810 O-2co 
100 |a O`Neill, Eugene 
245 |a Complete plays 1920 - 1931 
260 |a New York, Estados Unidos 
260 |b The Library of America 
260 |c 1988 
300 |a 1092 páginas 
650 |a LITERATURA ESTADOUNIDENSE - COLECCIÓN ESPECIAL 
650 |a ESCRITOS 
942 |c SALA 
999 |c 13294  |d 13294